US States In 1 Minute - Statistics

General Stats
  • This quiz has been taken 1,056 times
  • The average score is 24 of 50
Answers on the Map
Answers color-coded by a green-red scale on the quiz's map according to % correct below.
 
Answer Stats
State % Correct
California
81%
Alaska
78%
Arizona
71%
Idaho
70%
Texas
69%
Florida
67%
Colorado
64%
Nevada
64%
Oregon
63%
Washington
63%
Hawaii
61%
Utah
60%
Alabama
59%
Maine
57%
Montana
56%
New York
56%
Georgia
54%
New Mexico
53%
Iowa
52%
Ohio
50%
Wyoming
50%
Kansas
49%
North Dakota
49%
Arkansas
47%
Indiana
45%
Nebraska
45%
Illinois
44%
Michigan
44%
South Dakota
44%
Oklahoma
43%
Louisiana
42%
Minnesota
42%
Mississippi
39%
New Jersey
37%
Wisconsin
37%
Kentucky
36%
Missouri
36%
North Carolina
35%
Delaware
34%
Vermont
34%
Connecticut
33%
Maryland
32%
Massachusetts
32%
New Hampshire
32%
South Carolina
32%
Tennessee
32%
Virginia
32%
Rhode Island
26%
West Virginia
23%
Pennsylvania
22%
No matching quizzes found
Score Distribution
Percent of People with Each Score
Percentile by Number Answered
Your Score History
You have not taken this quiz